Score 0/28 Timer 03:00
0 Plays Today
Clue 4-Letter Word % Correct
Ivy League University in New Haven, CT♣YALE♣
96.7%
12 inchesFOOT
95.8%
U.S. State with Columbia and Cornell University, 'New ____'♣YORK♣
93.4%
Flesh of a pig for foodPORK
93%
A warning shout for golfersFORE
92.5%
NBA team in MiamiHEAT
92.5%
A small water craftBOAT
92.2%
Receive sounds through the earHEAR
92.2%
Strengthened place for military defenseFORT
92.1%
The left side on a shipPORT
91.9%
Money a passenger must pay for transportationFARE
91.8%
A strong windGALE
91.1%
Outer covering for the foot and legBOOT
89.1%
Strike violentlyBEAT
87.3%
Clue 4-Letter Word % Correct
Time long pastYORE
86.3%
Money borrowed, usually with interestLOAN
83.4%
Let another use something temporarily LEND
83.2%
82nd element on Periodic Table with the symbol 'Pb'LEAD
82.1%
An athlete at Brown University (team name)♣BEAR♣
81.3%
Notoriety or renownFAME
80.7%
Annual football match-up between Harvard and [First Rung], 'The ____'♣GAME♣
79.4%
Bend or slantLEAN
77.5%
An edible seed of legumesBEAN
74.3%
Ivy League University in Philadelphia, (abbreviated)♣PENN♣
70.7%
Await the decisionPEND
66.5%
A duck-sized diving birdLOON
64.5%
Hockey forward for Dallas Stars, Jamie ___BENN
58.5%
An athlete at Columbia University (team name)♣LION♣
37.1%

Today's Daily Dose

Remove Ads.
Support Sporcle.
Get the best of Sporcle when you Go Orange. This ad-free experience offers more features, more stats, and more fun while also helping to support Sporcle. Thank you for becoming a member.

You're not logged in!

Compare scores with friends on all Sporcle quizzes.
OR
Log In

Show Comments

Extras

Top Quizzes Today


Score Distribution

Your Account Isn't Verified!

In order to create a playlist on Sporcle, you need to verify the email address you used during registration. Go to your Sporcle Settings to finish the process.

Report this User

Report this user for behavior that violates our Community Guidelines.

Details: